Variability and interrelationship among the varieties of Bt and corresponding non-Bt brinjals (Solanum melongena L.) (Record no. 13616)

MARC details
000 -LEADER
fixed length control field 01008nam a22002657a 4500
003 - CONTROL NUMBER IDENTIFIER
control field BD-DhSAU
005 - DATE AND TIME OF LATEST TRANSACTION
control field 20161205120548.0
008 - FIXED-LENGTH DATA ELEMENTS--GENERAL INFORMATION
fixed length control field 161006b2015 bg ad||| |||| 00| 0 eng d
040 ## - CATALOGING SOURCE
Original cataloging agency BD-DhSAU
082 ## - DEWEY DECIMAL CLASSIFICATION NUMBER
Edition number 22
Classification number 631.5233
Item number Ak79
100 ## - MAIN ENTRY--PERSONAL NAME
Personal name Akther, Mahfuza
245 ## - TITLE STATEMENT
Title Variability and interrelationship among the varieties of Bt and corresponding non-Bt brinjals (Solanum melongena L.)
Statement of responsibility, etc. Mahfuza Akther
260 ## - PUBLICATION, DISTRIBUTION, ETC. (IMPRINT)
Place of publication, distribution, etc. Dhaka :
Name of publisher, distributor, etc. Sher- e- Bangla Agricultural University ,
Date of publication, distribution, etc. 2015
300 ## - PHYSICAL DESCRIPTION
Extent xii , 85 p. :
Other physical details ill. ;
Dimensions 30 cm.
504 ## - BIBLIOGRAPHY, ETC. NOTE
Bibliography, etc Includes references
590 ## - Name of Cataloguer
Name of Cataloger Kamim
650 ## - SUBJECT ADDED ENTRY--TOPICAL TERM
Topical term or geographic name as entry element Genetics
650 ## - SUBJECT ADDED ENTRY--TOPICAL TERM
Topical term or geographic name as entry element Plant Breeding
650 ## - SUBJECT ADDED ENTRY--TOPICAL TERM
Topical term or geographic name as entry element Variability and interrelationship among the varieties of Bt
650 ## - SUBJECT ADDED ENTRY--TOPICAL TERM
Topical term or geographic name as entry element Corresponding non-Bt brinjals (Solanum melongena L.)
700 ## - ADDED ENTRY--PERSONAL NAME
Personal name Hossain, Md. Sarowaar
Relator code Supervisor
700 ## - ADDED ENTRY--PERSONAL NAME
Personal name Bhuiyan, Md. Shahidur Rashid
Relator code Co-Supervisor
856 ## - ELECTRONIC LOCATION AND ACCESS
Uniform Resource Identifier <a href="http://archive.saulibrary.edu.bd:8080/handle/123456789/947">http://archive.saulibrary.edu.bd:8080/handle/123456789/947</a>
Link text Online Access
942 ## - ADDED ENTRY ELEMENTS (KOHA)
Source of classification or shelving scheme Dewey Decimal Classification
Koha item type MS Level Thesis
Holdings
Withdrawn status Lost status Source of classification or shelving scheme Damaged status Not for loan Collection code Home library Branch Name Shelving location Date acquired Total Checkouts Full call number Barcode Date last seen Price effective from Koha item type
    Dewey Decimal Classification   Not For Loan Reference SAU Library SAU Library Reference 16/11/2016   631.5233 Ak79 39788 16/11/2016 16/11/2016 MS Level Thesis